| 000 | 01194nam a2200337 a 4500 | ||
|---|---|---|---|
| 001 | 140695 | ||
| 003 | FlNmELB | ||
| 005 | 20241217181528.0 | ||
| 006 | m o d | | ||
| 007 | cr cn||||||||| | ||
| 008 | 201004r2009 ag |||||s|||||||||||spa d | ||
| 035 | _a(MiAaPQ)EBC3182005 | ||
| 035 | _a(Au-PeEL)EBL3182005 | ||
| 035 | _a(CaPaEBR)ebr10316985 | ||
| 035 | _a(OCoLC)929017975 | ||
| 040 |
_aFlNmELB _bspa _cFlNmELB |
||
| 050 | 4 |
_aHF5823 _bP857 2009 |
|
| 080 | _a659.1 | ||
| 082 | 0 | 4 |
_a659.1 _222 |
| 100 | 1 | _aPostigo Gómez, Inmaculada. | |
| 245 | 1 | 0 |
_aAnálisis tipológico de la cortesía en el spot publicitario audiovisual _h[recurso electronico] / _cInmaculada Postigo Gómez. |
| 260 |
_a[Santa Fe, Argentina] : _b[El Cid Editor | apuntes], _c[2009] |
||
| 300 | _a14 p. | ||
| 533 | _aRecurso electrónico. Santa Fe, Arg.: e-libro, 2015. Disponible vía World Wide Web. El acceso puede estar limitado para las bibliotecas afiliadas a e-libro. | ||
| 650 | 4 | _aPublicidad. | |
| 650 | 4 | _aAdvertising. | |
| 650 | 4 | _aTypology (Psychology) | |
| 655 | 4 | _aLibros electrónicos. | |
| 710 | 2 | _ae-libro, Corp. | |
| 856 | 4 | 0 | _uhttps://elibro.net/ereader/politecnicointernacional/28704 |
| 999 |
_c140695 _d140695 |
||